[Event "Olomouc Chess Summer 2016- A Valoz Cup"]
[Site "Olomouc"]
[Date "2016.08.18"]
[Round "7.1"]
[White "Plat, Vojtech"]
[Black "Gurevich, Daniel"]
[Result "1/2-1/2"]
[WhiteElo "2503"]
[BlackElo "2461"]
[PlyCount "65"]
[EventDate "2016.08.13"]

1. d4 Nf6 2. c4 e6 3. g3 Bb4+ 4. Nd2 O-O 5. a3 Be7 6. Bg2 c5 7. Ngf3 d6 8. O-O
cxd4 9. Nxd4 e5 10. Nb5 Nc6 11. Nc3 Be6 12. Nd5 Qd7 13. Nf3 h6 14. Nxe7+ Nxe7
15. c5 Ned5 16. cxd6 Qxd6 17. Re1 Qc7 18. Qa4 Rfd8 19. e4 Ne7 20. Be3 Ng4 21.
Rac1 Nc6 22. Bc5 b6 23. Bb4 Bd7 24. h3 Nf6 25. Qb3 Qb7 26. Qc3 Nxb4 27. axb4
Rac8 28. Qxe5 Rxc1 29. Rxc1 Re8 30. Qd6 Qxe4 31. Re1 Qc6 32. Rxe8+ Bxe8 33. Qd4
1/2-1/2

[Event "Olomouc Chess Summer 2016- A Valoz Cup"]
[Site "Olomouc"]
[Date "2016.08.18"]
[Round "7.2"]
[White "Roy, Prantik"]
[Black "Gavrilov, Alexei"]
[Result "0-1"]
[WhiteElo "2403"]
[BlackElo "2456"]
[PlyCount "76"]
[EventDate "2016.08.13"]

1. d4 Nf6 2. Nf3 d5 3. c4 e6 4. g3 Be7 5. Bg2 O-O 6. O-O dxc4 7. Qc2 a6 8. Qxc4
b5 9. Qc2 Bb7 10. Bd2 Be4 11. Qc1 c6 12. Rd1 Nbd7 13. Nc3 Bg6 14. Bf4 Rc8 15.
Ne5 Nxe5 16. Bxe5 Qb6 17. Qf4 Nd5 18. Nxd5 cxd5 19. Rdc1 h6 20. Bc7 Qb7 21. h4
Bf5 22. Ba5 g5 23. Qd2 b4 24. hxg5 hxg5 25. Rxc8 Rxc8 26. Rc1 Rxc1+ 27. Qxc1
Qb5 28. Qc7 Bf6 29. e3 b3 30. axb3 Qxb3 31. Qc8+ Kg7 32. Bd8 Bxd8 33. Qxd8 Qxb2
34. Qxg5+ Bg6 35. Bf3 a5 36. Bh5 Qb1+ 37. Kg2 Qe4+ 38. Bf3 f6 0-1

[Event "Olomouc Chess Summer 2016- A Valoz Cup"]
[Site "Olomouc"]
[Date "2016.08.18"]
[Round "7.3"]
[White "Neuman, Petr"]
[Black "Camarena Gimenez, Rufino"]
[Result "1/2-1/2"]
[WhiteElo "2454"]
[BlackElo "2403"]
[PlyCount "37"]
[EventDate "2016.08.13"]

1. Nf3 Nf6 2. d4 g6 3. c4 Bg7 4. g3 O-O 5. Bg2 d6 6. O-O Nbd7 7. Nc3 e5 8. e3
Re8 9. a4 a5 10. b3 Nf8 11. h3 h5 12. Bb2 e4 13. Ng5 Bf5 14. f3 exf3 15. Qxf3
N8h7 16. Nxh7 Nxh7 17. Qf4 c6 18. g4 hxg4 19. hxg4 1/2-1/2

[Event "Olomouc Chess Summer 2016- A Valoz Cup"]
[Site "Olomouc"]
[Date "2016.08.18"]
[Round "7.4"]
[White "Plischki, Sebastian"]
[Black "Yagupov, Igor"]
[Result "0-1"]
[WhiteElo "2384"]
[BlackElo "2405"]
[PlyCount "82"]
[EventDate "2016.08.13"]

1. d4 d5 2. Nf3 Nf6 3. Bf4 c5 4. e3 Nc6 5. Nbd2 e6 6. c3 Bd6 7. Bg3 O-O 8. Bd3
b6 9. e4 Bxg3 10. hxg3 h6 11. e5 Nd7 12. a3 f6 13. Qe2 Qc7 14. exf6 Rxf6 15.
Bb5 Bb7 16. O-O a6 17. Bxc6 Bxc6 18. a4 a5 19. Rfe1 Raf8 20. Nf1 e5 21. Nxe5
Rxf2 22. Qxf2 Rxf2 23. Kxf2 Nf6 24. Nd2 Be8 25. Rec1 Qc8 26. Kg1 Qf5 27. b3 Bh5
28. Ra2 Qg5 29. g4 Bxg4 30. Re1 Bf5 31. Ndf3 Qg3 32. Re3 Nh5 33. Kf1 Nf4 34. b4
c4 35. bxa5 bxa5 36. Re1 h5 37. Rc1 h4 38. Rf2 Bd3+ 39. Nxd3 Nxd3 40. Rcc2 h3
41. gxh3 Qxh3+ 0-1

[Event "Olomouc Chess Summer 2016- A Valoz Cup"]
[Site "Olomouc"]
[Date "2016.08.18"]
[Round "7.5"]
[White "Rasik, Vitezslav"]
[Black "Svoboda, Svatopluk"]
[Result "1/2-1/2"]
[WhiteElo "2452"]
[BlackElo "2453"]
[PlyCount "46"]
[EventDate "2016.08.13"]

1. e4 c5 2. Nf3 e6 3. d3 d5 4. Nbd2 Nc6 5. g3 Bd6 6. Bg2 Nge7 7. O-O O-O 8. c3
Bd7 9. Re1 Qc7 10. Qe2 f6 11. Nb3 Rad8 12. exd5 Nxd5 13. d4 b6 14. c4 Nde7 15.
dxc5 bxc5 16. Be3 Na5 17. Nxa5 Qxa5 18. Rad1 Bc8 19. Nd2 Nf5 20. Nb3 Qxa2 21.
Nxc5 Nxe3 22. Qxe3 Qxc4 23. Nxe6 Bxe6 1/2-1/2

[Event "Olomouc Chess Summer 2016-B1 Prima Pack "]
[Site "Olomouc"]
[Date "2016.08.18"]
[Round "7.1"]
[White "Cerveny, Martin"]
[Black "Pogan, Nikolas"]
[Result "1-0"]
[WhiteElo "2380"]
[BlackElo "2232"]
[PlyCount "147"]
[EventDate "2016.08.13"]

1. Nf3 Nf6 2. c4 g6 3. g3 Bg7 4. Bg2 O-O 5. O-O d6 6. Nc3 Nc6 7. Rb1 a5 8. a3
e5 9. d3 Re8 10. Nd2 Be6 11. Nd5 Rb8 12. b4 axb4 13. axb4 Nd4 14. e3 Nf5 15. b5
Ne7 16. Nxf6+ Bxf6 17. Bb2 Bg7 18. d4 exd4 19. Bxd4 Nf5 20. Bxg7 Nxg7 21. Qb3
Bf5 22. Ra1 Ne6 23. Qc3 Nc5 24. Rfd1 Qe7 25. Ra7 Ra8 26. Rda1 Rxa7 27. Rxa7 Rb8
28. h4 h6 29. Qd4 h5 30. Bd5 Kh7 31. Nf3 f6 32. Qa1 Qd8 33. Nd4 Bd7 34. Ne2 Kg7
35. Nf4 Bf5 36. Kh2 Kh6 37. Bf3 Kg7 38. Qa5 Nb3 39. Qb4 Nc5 40. Qa3 Kh6 41. Qb2
Be4 42. Bxe4 Nxe4 43. Qc2 f5 44. f3 Nc5 45. Qd2 Kh7 46. Nd5 Ne6 47. Kg2 Kg8 48.
Qb2 Kf7 49. e4 f4 50. Qd2 g5 51. gxf4 gxf4 52. Kh3 Qd7 53. Kh2 Rg8 54. Nxf4 Qe7
55. Ng2 Rxg2+ 56. Kxg2 Qxh4 57. Kf1 Nf4 58. Ra2 Qg3 59. Qf2 Qh3+ 60. Kg1 Qe6
61. Qh4 Qe5 62. Rd2 Qc5+ 63. Kh1 Ng6 64. Qf2 Qxc4 65. Rc2 Qxb5 66. Rxc7+ Kf6
67. Qd2 Qe5 68. Rd7 Ke6 69. Rxb7 Kf6 70. Qa2 Qg3 71. Rf7+ Kg5 72. Qd2+ Kh4 73.
Qh2+ Qh3 74. Rf6 1-0

[Event "Olomouc Chess Summer 2016-B1 Prima Pack "]
[Site "Olomouc"]
[Date "2016.08.18"]
[Round "7.2"]
[White "Mirzoeva, Elmira"]
[Black "Gusain, Himal"]
[Result "1/2-1/2"]
[WhiteElo "2278"]
[BlackElo "2453"]
[PlyCount "81"]
[EventDate "2016.08.13"]

1. Nf3 c5 2. c4 Nc6 3. Nc3 Nf6 4. g3 e6 5. Bg2 d5 6. cxd5 Nxd5 7. O-O Be7 8.
Nxd5 Qxd5 9. d4 Nxd4 10. Nxd4 Qxd4 11. Qc2 Qb4 12. Be3 Bd7 13. Rfd1 Rc8 14. Bd2
Qb6 15. Bc3 Bf6 16. Bxf6 gxf6 17. Qc3 Ke7 18. Rd3 Rc7 19. Rad1 Qb4 20. Qc1 c4
21. Rb3 Qc5 22. Rxb7 Rxb7 23. Bxb7 Rb8 24. Bf3 e5 25. Bd5 Bg4 26. Bf3 Be6 27.
Qc3 Qb4 28. Qe3 Qb6 29. Qa3+ Qb4 30. Qxa7+ Kf8 31. Rd2 Kg7 32. Qe3 Bh3 33. a3
Qa5 34. Rd1 Rxb2 35. Qc1 c3 36. Bg2 c2 37. Rf1 Rb1 38. Qxc2 Rxf1+ 39. Kxf1
Bxg2+ 40. Kxg2 Qxa3 41. Qe4 1/2-1/2

[Event "Olomouc Chess Summer 2016-B1 Prima Pack "]
[Site "Olomouc"]
[Date "2016.08.18"]
[Round "7.3"]
[White "Wiley, Tom E"]
[Black "Olsarova, Karolina"]
[Result "1/2-1/2"]
[WhiteElo "2239"]
[BlackElo "2258"]
[PlyCount "155"]
[EventDate "2016.08.13"]

1. d4 Nf6 2. c4 e6 3. Nc3 Bb4 4. e3 O-O 5. Nge2 Re8 6. a3 Bf8 7. d5 d6 8. Ng3
c6 9. Be2 cxd5 10. cxd5 exd5 11. Nxd5 Nxd5 12. Qxd5 Nc6 13. O-O Be6 14. Qb5 Rc8
15. Bd2 Rc7 16. Bc3 d5 17. Rfd1 Rd7 18. Bf3 a6 19. Qa4 Qg5 20. Qf4 Qxf4 21.
exf4 f6 22. Ne2 Bc5 23. Nd4 Bf7 24. g3 Bb6 25. Rac1 Na5 26. f5 h5 27. h3 Kh7
28. Kg2 Rde7 29. g4 Bxd4 30. Bxd4 Nb3 31. Rc3 hxg4 32. hxg4 Nxd4 33. Rxd4 Rd8
34. Rcd3 Red7 35. Rd2 Rd6 36. Bd1 g6 37. fxg6+ Bxg6 38. Bf3 Bf7 39. Kg3 Kg7 40.
Bg2 Rb6 41. f4 Rd7 42. f5 Kf8 43. Kf4 Bg8 44. b4 a5 45. bxa5 Rb5 46. Ra4 Rd6
47. Bf1 Rb3 48. a6 bxa6 49. Bxa6 d4 50. Bd3 Bf7 51. Ra8+ Kg7 52. Ra7 Rc3 53. a4
Kg8 54. Ra6 Rxa6 55. Bxa6 Bd5 56. Be2 Bc4 57. Bf3 d3 58. Ke3 Ra3 59. Bd1 Ra1
60. Kd4 Rc1 61. a5 Kg7 62. Bf3 Ba6 63. Bd5 Rc2 64. Ke3 Rc5 65. Be4 Re5 66. Kf4
Rxa5 67. Bxd3 Bxd3 68. Rxd3 Ra4+ 69. Kg3 Ra7 70. Kh4 Rb7 71. Kh5 Ra7 72. Rd6
Rb7 73. Rd4 Ra7 74. Rc4 Rb7 75. Kh4 Ra7 76. Kg3 Rb7 77. Kf4 Ra7 78. Re4 1/2-1/2

[Event "Olomouc Chess Summer 2016-B1 Prima Pack "]
[Site "Olomouc"]
[Date "2016.08.18"]
[Round "7.4"]
[White "Bures, Jaroslav"]
[Black "Hoefelsauer, Thomas"]
[Result "1/2-1/2"]
[WhiteElo "2376"]
[BlackElo "2342"]
[PlyCount "85"]
[EventDate "2016.08.13"]

1. e4 c6 2. Nc3 d5 3. Nf3 Nf6 4. e5 Ne4 5. Ne2 Qb6 6. d4 e6 7. Ng3 c5 8. c3 Nc6
9. Bd3 Nxg3 10. hxg3 Bd7 11. Kf1 cxd4 12. cxd4 h6 13. g4 Be7 14. a3 Na5 15. b4
Nc4 16. g5 O-O-O 17. gxh6 gxh6 18. Rxh6 Kb8 19. Kg1 Nb2 20. Qb3 Nxd3 21. Rxh8
Rxh8 22. Qxd3 Bb5 23. Qc3 Qd8 24. Nd2 Rh4 25. f4 Qh8 26. Qg3 Rh5 27. Bb2 Bh4
28. Qf3 Be7 29. Qg3 Bh4 30. Qe3 Be7 31. Nf3 Rh1+ 32. Kf2 Bh4+ 33. Nxh4 Rxa1 34.
Bxa1 Qxh4+ 35. Qg3 Qh5 36. Qe3 Qd1 37. Bc3 Bd3 38. g4 Be4 39. Kg3 Qh1 40. Qf2
Kc7 41. Bd2 Kd7 42. a4 Kc7 43. a5 1/2-1/2

[Event "Olomouc Chess Summer 2016-B1 Prima Pack "]
[Site "Olomouc"]
[Date "2016.08.18"]
[Round "7.5"]
[White "Kulkarni, Bhakti"]
[Black "Strebkovs, Andrejs"]
[Result "1/2-1/2"]
[WhiteElo "2363"]
[BlackElo "2285"]
[PlyCount "43"]
[EventDate "2016.08.13"]

1. d4 d5 2. c4 dxc4 3. Nf3 Nf6 4. e3 Be6 5. Nbd2 c5 6. Bxc4 Bxc4 7. Nxc4 cxd4
8. Qa4+ Qd7 9. Qxd7+ Nbxd7 10. Nxd4 a6 11. a4 e6 12. Ke2 Bb4 13. Rd1 O-O 14.
Bd2 Bxd2 15. Rxd2 Rac8 16. Nd6 Rc7 17. Nb3 Nd5 18. e4 Nf4+ 19. Kf3 g5 20. Rc1
Ne5+ 21. Kg3 Rd7 22. Rcd1 1/2-1/2

[Event "Olomouc Chess Summer 2016-B2 Proclient C"]
[Site "Olomouc"]
[Date "2016.08.18"]
[Round "7.1"]
[White "Nitish, Belurkar"]
[Black "Chkhaidze, Nikoloz"]
[Result "1/2-1/2"]
[WhiteElo "2269"]
[BlackElo "2261"]
[PlyCount "39"]
[EventDate "2016.08.13"]

1. e4 e5 2. Nf3 Nc6 3. Bb5 a6 4. Bxc6 dxc6 5. O-O f6 6. d4 Bg4 7. c3 Qe7 8. h3
Bh5 9. dxe5 fxe5 10. Bg5 Nf6 11. Qd3 h6 12. Bh4 Qe6 13. Nbd2 Bd6 14. Bg3 O-O-O
15. Qe3 Kb8 16. b4 g5 17. a4 Bxf3 18. Nxf3 Nh5 19. Nh2 Nf4 20. Bxf4 1/2-1/2

[Event "Olomouc Chess Summer 2016-B2 Proclient C"]
[Site "Olomouc"]
[Date "2016.08.18"]
[Round "7.2"]
[White "Lkhamsuren, Uuganbayar"]
[Black "Malek, Daniel"]
[Result "0-1"]
[WhiteElo "2123"]
[BlackElo "2430"]
[PlyCount "114"]
[EventDate "2016.08.13"]

1. d4 Nf6 2. c4 e6 3. g3 d5 4. Nf3 dxc4 5. Bg2 a6 6. O-O Nc6 7. Nc3 Rb8 8. e4
Be7 9. d5 Nb4 10. Ne5 exd5 11. exd5 Bf5 12. a3 Nd3 13. Nxc4 Nxc1 14. Rxc1 O-O
15. Ne3 Bg6 16. Qa4 Re8 17. b4 Nd7 18. h4 Bf6 19. Rfd1 Rxe3 20. fxe3 Qe7 21. e4
Bh5 22. d6 Bxd1 23. Qxd1 cxd6 24. Nd5 Qe5 25. Qg4 Nf8 26. Rf1 Bd8 27. Qf3 Qe6
28. Bh3 Qe8 29. Qg4 Ng6 30. h5 Ne5 31. Qf5 Qb5 32. h6 Qd3 33. Kh2 Qd2+ 34. Rf2
Qxh6 35. Kg2 Qc1 36. a4 h6 37. Qf4 Qb1 38. Qe3 Bg5 39. Qd4 Re8 40. Nc3 Qd3 41.
Qxd3 Nxd3 42. Rf1 Nxb4 43. Kf3 Bd2 44. Nb1 Bg5 45. Rd1 Rd8 46. Na3 d5 47. exd5
Nxd5 48. Rb1 Nc3 49. Rxb7 Nxa4 50. Nc4 Bf6 51. Bf5 g6 52. Bc2 Nc5 53. Rb6 Kg7
54. Ne3 h5 55. Rc6 Bd4 56. Bb1 Bxe3 57. Kxe3 Rd5 0-1

[Event "Olomouc Chess Summer 2016-B2 Proclient C"]
[Site "Olomouc"]
[Date "2016.08.18"]
[Round "7.4"]
[White "Mager, Denis"]
[Black "Klima, Lukas"]
[Result "1/2-1/2"]
[WhiteElo "2246"]
[BlackElo "2322"]
[PlyCount "45"]
[EventDate "2016.08.13"]

1. c4 e5 2. Nc3 Nc6 3. Nf3 g6 4. d4 exd4 5. Nxd4 Bg7 6. Nxc6 bxc6 7. e4 Ne7 8.
c5 O-O 9. Bc4 d5 10. cxd6 cxd6 11. O-O Be6 12. Qe2 d5 13. exd5 cxd5 14. Rd1 Qa5
15. Bb3 d4 16. Bxe6 dxc3 17. Bb3 Nf5 18. bxc3 Qxc3 19. Rb1 Nd4 20. Qe1 Rfe8 21.
Be3 Qxe1+ 22. Rxe1 Nxb3 23. Rxb3 1/2-1/2

[Event "Olomouc Chess Summer 2016-B2 Proclient C"]
[Site "Olomouc"]
[Date "2016.08.18"]
[Round "7.5"]
[White "Havlikova, Kristyna"]
[Black "Biolek, Richard"]
[Result "1/2-1/2"]
[WhiteElo "2282"]
[BlackElo "2466"]
[PlyCount "64"]
[EventDate "2016.08.13"]

1. e4 e5 2. Nf3 Nc6 3. Bb5 Nf6 4. d3 Ne7 5. O-O c6 6. Ba4 Ng6 7. Bb3 Be7 8. Re1
O-O 9. d4 d6 10. h3 Qc7 11. Nbd2 Bd7 12. a4 Rad8 13. Nf1 d5 14. exd5 e4 15. Ne5
Nxe5 16. dxe5 Qxe5 17. Be3 Nxd5 18. Bxd5 cxd5 19. Bxa7 Be6 20. Qd4 Qg5 21. Qe3
f5 22. Qxg5 Bxg5 23. c3 f4 24. a5 f3 25. Be3 Be7 26. a6 bxa6 27. Rxa6 Bc8 28.
Ra5 fxg2 29. Kxg2 Bb7 30. Bd4 Bh4 31. Ng3 Bxg3 32. fxg3 Rc8 1/2-1/2

[Event "Olomouc Chess Summer 2016-Open Olomouc"]
[Site "Olomouc"]
[Date "2016.08.18"]
[Round "7.1"]
[White "Krejci, Jan"]
[Black "Thakur, Akash"]
[Result "1-0"]
[WhiteElo "2496"]
[BlackElo "2316"]
[PlyCount "87"]
[EventDate "2016.08.13"]

1. c4 c6 2. Nf3 d5 3. e3 Nf6 4. Nc3 g6 5. Be2 Bg7 6. O-O O-O 7. d4 Re8 8. h3 e6
9. b4 Nbd7 10. Bb2 dxc4 11. Bxc4 b5 12. Be2 a5 13. a3 Bb7 14. bxa5 Qxa5 15. Qb3
Red8 16. Rfd1 Nb6 17. Ne5 Bf8 18. Bf3 Nfd5 19. Rdc1 Rdc8 20. Ne4 Na4 21. Nc5
Nxc5 22. dxc5 Qd8 23. Ng4 f5 24. Bxd5 cxd5 25. Nf6+ Kf7 26. Nxh7 Be7 27. f4 Kg8
28. Ng5 Bxg5 29. fxg5 Qxg5 30. Rc2 Bc6 31. Qc3 Qh6 32. Qe5 g5 33. Rf1 Ra7 34.
Rcf2 d4 35. Bxd4 Rd7 36. Qg3 Kh7 37. Rd2 Rcd8 38. Rfd1 Kg6 39. Qe5 Kh5 40. g4+
fxg4 41. hxg4+ Kxg4 42. e4 Rxd4 43. Rg2+ Kh5 44. Rxd4 1-0

[Event "Olomouc Chess Summer 2016-Open Olomouc"]
[Site "Olomouc"]
[Date "2016.08.18"]
[Round "7.2"]
[White "Burnett, Andrew"]
[Black "Chudinovskikh, Alexander M"]
[Result "0-1"]
[WhiteElo "2174"]
[BlackElo "2258"]
[PlyCount "98"]
[EventDate "2016.08.13"]

1. Nf3 Nf6 2. c4 c5 3. g3 g6 4. Bg2 Bg7 5. O-O O-O 6. Nc3 Nc6 7. d3 d6 8. Rb1
Rb8 9. a3 a6 10. Bg5 b5 11. cxb5 axb5 12. b4 cxb4 13. axb4 Be6 14. Qd2 d5 15.
Rfc1 Qd7 16. Bh6 d4 17. Bxg7 Kxg7 18. Ne4 Nxe4 19. dxe4 Bc4 20. e3 Rfd8 21.
exd4 Nxd4 22. Qb2 f6 23. Nxd4 Qxd4 24. Qxd4 Rxd4 25. Rd1 Rbd8 26. Rxd4 Rxd4 27.
f3 Kf7 28. h4 Rd2 29. Bh3 h6 30. Bc8 g5 31. hxg5 hxg5 32. f4 Bd3 33. Rc1 Rb2
34. fxg5 fxg5 35. Rc3 Bc4 36. Rf3+ Kg6 37. e5 Rxb4 38. Bf5+ Kh5 39. Bd7 Rb1+
40. Kh2 Re1 41. g4+ Kh6 42. Rf8 Rxe5 43. Rb8 Kg7 44. Rb6 Rd5 45. Bf5 Rd6 46.
Rb8 Kf6 47. Kg3 Ke5 48. Rb7 e6 49. Bh7 Kd4 0-1

[Event "Olomouc Chess Summer 2016-Open Olomouc"]
[Site "Olomouc"]
[Date "2016.08.18"]
[Round "7.3"]
[White "Kalinowska, Zuzanna"]
[Black "Kvisvik, Brede"]
[Result "1/2-1/2"]
[WhiteElo "1910"]
[BlackElo "2330"]
[PlyCount "69"]
[EventDate "2016.08.13"]

1. d4 d5 2. Nf3 Nf6 3. c4 dxc4 4. e3 b5 5. a4 b4 6. Bxc4 e6 7. O-O Be7 8. Nbd2
Bb7 9. b3 O-O 10. Bb2 c5 11. Be2 cxd4 12. exd4 Nc6 13. Nc4 Nd5 14. Qd2 Na5 15.
Nxa5 Qxa5 16. Ne5 Nc3 17. Bc4 Rfd8 18. Qf4 Bf6 19. Bxc3 bxc3 20. Rfe1 c2 21.
Rac1 Qc3 22. Nxf7 Rxd4 23. Nh6+ Kh8 24. Nf7+ Kg8 25. Nh6+ Kf8 26. Qc7 gxh6 27.
Qxb7 Re8 28. Qxh7 Qxe1+ 29. Rxe1 Rd1 30. Qxh6+ Bg7 31. Qf4+ Ke7 32. Qc7+ Kf8
33. Qf4+ Ke7 34. Qc7+ Kf8 35. Qf4+ 1/2-1/2

[Event "Olomouc Chess Summer 2016-Open Olomouc"]
[Site "Olomouc"]
[Date "2016.08.18"]
[Round "7.4"]
[White "Bukojemski, Adam"]
[Black "Ilandzis, Spyridon"]
[Result "0-1"]
[WhiteElo "2235"]
[BlackElo "2211"]
[PlyCount "78"]
[EventDate "2016.08.13"]

1. e4 d5 2. exd5 Qxd5 3. Nc3 Qa5 4. Bc4 Nf6 5. d3 Bg4 6. Nge2 e6 7. Bd2 Qb6 8.
f3 Bh5 9. Ng3 Bg6 10. Qe2 Nc6 11. Na4 Qd4 12. Be3 Qe5 13. f4 Qa5+ 14. Nc3 O-O-O
15. O-O Bc5 16. b4 Qxb4 17. Nb5 Nd5 18. Bxd5 Rxd5 19. a4 Bxe3+ 20. Qxe3 Qc5 21.
Qxc5 Rxc5 22. Rf2 Rd8 23. Na3 Nd4 24. Nf1 Nf5 25. Nd2 Nd6 26. Nb3 Rd5 27. g4 h5
28. h3 hxg4 29. hxg4 Rh8 30. Re1 Bxd3 31. cxd3 Rxd3 32. Rb1 Rhh3 33. Rfb2 Ne4
34. Nc4 Rdg3+ 35. Kf1 Rxg4 36. Nd4 Rxf4+ 37. Kg2 Rg3+ 38. Kh1 Rh4+ 39. Rh2 Nf2#
0-1

[Event "Olomouc Chess Summer 2016-Open Olomouc"]
[Site "Olomouc"]
[Date "2016.08.18"]
[Round "7.5"]
[White "Ulanowski, Karol"]
[Black "Kulkarni, Vinayak"]
[Result "0-1"]
[WhiteElo "2133"]
[BlackElo "2168"]
[PlyCount "73"]
[EventDate "2016.08.13"]

1. e4 c5 2. Nf3 Nc6 3. d4 cxd4 4. Nxd4 Nf6 5. Nc3 e5 6. Ndb5 d6 7. Bg5 a6 8.
Na3 b5 9. Bxf6 gxf6 10. Nd5 f5 11. Bd3 Be6 12. O-O Bxd5 13. exd5 Ne7 14. Nxb5
Bg7 15. Nc3 e4 16. Bc4 Ng6 17. Qh5 Qc8 18. Bb3 Ra7 19. Rae1 Re7 20. Qh3 O-O 21.
f4 Bxc3 22. bxc3 e3 23. Re2 a5 24. a4 Re4 25. g3 Kg7 26. Qh5 h6 27. c4 Ne7 28.
Rfe1 Ng8 29. Kh1 Rfe8 30. h3 Nf6 31. Qf3 Qc5 32. g4 fxg4 33. hxg4 Qd4 34. Rf1
R4e7 35. Kg2 Qe4 36. Qxe4 Rxe4 37. Kf3 0-1

[Event "Olomouc Chess Summer 2016-Open Olomouc"]
[Site "Olomouc"]
[Date "2016.08.18"]
[Round "7.6"]
[White "Al Argha, Hisham"]
[Black "Murchadha, Oissine"]
[Result "1-0"]
[WhiteElo "2309"]
[BlackElo "2029"]
[PlyCount "70"]
[EventDate "2016.08.13"]

1. e4 e5 2. Nf3 Nc6 3. c3 g6 4. d4 Bg7 5. dxe5 Nxe5 6. Nxe5 Bxe5 7. Bc4 Bg7 8.
O-O Ne7 9. Bg5 d6 10. Qf3 Be6 11. Na3 Qd7 12. Bf6 O-O 13. Bb3 a5 14. Nc2 Bxf6
15. Qxf6 a4 16. Bxe6 fxe6 17. Qg5 e5 18. Rad1 Qe6 19. Ne3 Qf6 20. Qg4 Rf7 21.
Qh3 h5 22. f3 a3 23. b3 Qg5 24. Rd3 Nc6 25. Nd5 Raf8 26. Qg3 Qh6 27. Ne3 Kh7
28. Nd5 Nd8 29. Qh3 g5 30. Ne3 g4 31. Qh4 gxf3 32. Nf5 fxg2 33. Rfd1 Qg6 34.
Rg3 Rxf5 35. Rxg6 Kxg6 1-0

[Event "Olomouc Chess Summer 2016-Open Olomouc"]
[Site "Olomouc"]
[Date "2016.08.18"]
[Round "7.8"]
[White "Kula, Dominik"]
[Black "Svancara, Petr"]
[Result "1-0"]
[WhiteElo "2132"]
[BlackElo "2047"]
[PlyCount "59"]
[EventDate "2016.08.13"]

1. d4 Nf6 2. Nc3 d5 3. Bf4 Bf5 4. f3 e6 5. g4 Bg6 6. h4 h6 7. e3 Bd6 8. Nge2
Nbd7 9. Bxd6 cxd6 10. Nf4 Bh7 11. g5 Ng8 12. Rg1 hxg5 13. hxg5 Bg6 14. Nxg6
fxg6 15. Qd3 Ne7 16. O-O-O Qb6 17. e4 dxe4 18. fxe4 O-O-O 19. Qc4+ Kb8 20. Qxe6
Rhe8 21. Bb5 Nf5 22. Qxg6 Nh4 23. Qxg7 Nf3 24. Rgf1 Rg8 25. Qe7 Rge8 26. Qf7
Nxg5 27. Qf5 Ne6 28. Bxd7 Rxd7 29. Nd5 Qa5 30. Nf6 1-0

[Event "Olomouc Chess Summer 2016-Open Olomouc"]
[Site "Olomouc"]
[Date "2016.08.18"]
[Round "7.9"]
[White "Olson, Hamish"]
[Black "Itgelt, Khuyagtsogt"]
[Result "1/2-1/2"]
[WhiteElo "2068"]
[BlackElo "1921"]
[PlyCount "137"]
[EventDate "2016.08.13"]

1. e4 e5 2. Nf3 Nc6 3. Nc3 Nf6 4. d4 exd4 5. Nxd4 Bb4 6. Nxc6 bxc6 7. Bd3 d5 8.
exd5 cxd5 9. O-O O-O 10. h3 Bd6 11. Qf3 Rb8 12. Rd1 c6 13. Na4 Rb4 14. b3 Ng4
15. Bd2 Ne5 16. Qh5 Rh4 17. Qg5 Qxg5 18. Bxg5 Rb4 19. Bd2 Rb7 20. Be3 Re7 21.
Bf1 f5 22. c4 f4 23. Bc5 Bxc5 24. Nxc5 dxc4 25. b4 Be6 26. Nxe6 Rxe6 27. Rac1
f3 28. g3 Nd3 29. Bxd3 cxd3 30. Rxd3 Re4 31. a3 Rf6 32. Rcc3 Re1+ 33. Kh2 Re2
34. Kg1 Re1+ 35. Kh2 Re2 36. Rxf3 Rxf2+ 37. Rxf2 Rxf2+ 38. Kg1 Rf6 39. Kg2 Kf7
40. Rc5 Ke8 41. h4 Kd8 42. Ra5 Rf7 43. Rh5 g6 44. Ra5 Kc8 45. Kh3 h5 46. Ra6
Kb7 47. Ra5 Kb6 48. Rg5 Rf6 49. Kg2 Ka6 50. g4 hxg4 51. Rxg4 c5 52. bxc5 Kb5
53. Rg5 Ka4 54. Rg3 Kb5 55. Rc3 a5 56. Kg3 Kc6 57. Kg4 Rf5 58. Rf3 Rxc5 59.
Rf6+ Kb5 60. Rxg6 Ka4 61. h5 Rxh5 62. Kxh5 Kxa3 63. Ra6 a4 64. Kg4 Kb3 65. Kf3
a3 66. Ke2 Kb2 67. Kd2 a2 68. Rb6+ Ka1 69. Rb5 1/2-1/2

[Event "Olomouc Chess Summer 2016-Open Olomouc"]
[Site "Olomouc"]
[Date "2016.08.18"]
[Round "7.10"]
[White "Nishant, Malhotra"]
[Black "Bracci, Andrea"]
[Result "1-0"]
[WhiteElo "2060"]
[BlackElo "1918"]
[PlyCount "103"]
[EventDate "2016.08.13"]

1. d4 d5 2. c4 e6 3. g3 Nf6 4. Nf3 Be7 5. Bg2 O-O 6. O-O dxc4 7. Qc2 a6 8. a4
Nc6 9. Qxc4 a5 10. Nc3 Nb4 11. e4 c6 12. Rd1 h6 13. h3 b6 14. Qb3 Ba6 15. Be3
Qc7 16. Rd2 Rfd8 17. Qd1 Rac8 18. Rc1 Qb8 19. Bf4 Qa8 20. Ne5 Bb7 21. Be3 c5
22. dxc5 Rxd2 23. Qxd2 Bxc5 24. Bxc5 Rxc5 25. Nd7 Nxd7 26. Qxd7 Bc6 27. Qd6 Qf8
28. Qd2 Qe7 29. Rd1 Qg5 30. Qd8+ Qxd8 31. Rxd8+ Kh7 32. Rb8 Nd3 33. Rxb6 Nxb2
34. e5 Bxg2 35. Kxg2 Rxc3 36. Rxb2 Ra3 37. Rb7 Kg6 38. g4 Rxa4 39. Kg3 Ra3+ 40.
f3 a4 41. h4 h5 42. gxh5+ Kxh5 43. Rxf7 Kg6 44. Re7 Kf5 45. Rxg7 Kxe5 46. h5
Ra1 47. Kg2 Kf6 48. h6 a3 49. Rg8 a2 50. h7 Rg1+ 51. Kxg1 a1=Q+ 52. Kg2 1-0

[Event "Olomouc Chess Summer 2016-Open seniorù"]
[Site "Olomouc"]
[Date "2016.08.18"]
[Round "7.1"]
[White "Prachar, Josef"]
[Black "Heppell, Ian N"]
[Result "1/2-1/2"]
[WhiteElo "1954"]
[BlackElo "2066"]
[PlyCount "40"]
[EventDate "2016.08.13"]

1. d4 d6 2. e4 Nf6 3. Nc3 Nbd7 4. Nf3 e5 5. h3 Be7 6. Bc4 O-O 7. O-O c6 8. Re1
b5 9. Bb3 Qc7 10. dxe5 dxe5 11. Bg5 Nc5 12. Bxf6 Bxf6 13. Qe2 a5 14. Qe3 Qe7
15. a4 Nxb3 16. cxb3 b4 17. Ne2 Be6 18. Rac1 Rfc8 19. Ng3 g6 20. Nf1 Qa7
1/2-1/2

[Event "Olomouc Chess Summer 2016-Open seniorù"]
[Site "Olomouc"]
[Date "2016.08.18"]
[Round "7.2"]
[White "Chrenko, Peter"]
[Black "Young, Mel J"]
[Result "1-0"]
[WhiteElo "1818"]
[BlackElo "1900"]
[PlyCount "31"]
[EventDate "2016.08.13"]

1. Nf3 f5 2. d3 d6 3. Nc3 e5 4. e4 Nf6 5. exf5 Bxf5 6. d4 Nbd7 7. Bc4 c6 8. O-O
Qc7 9. dxe5 dxe5 10. Ng5 Be7 11. Bf7+ Kf8 12. Be6 h6 13. Bxf5 hxg5 14. g3 Rd8
15. Qf3 Nb6 16. Bxg5 1-0

[Event "Olomouc Chess Summer 2016-Open seniorù"]
[Site "Olomouc"]
[Date "2016.08.18"]
[Round "7.3"]
[White "Fiala, Jiri"]
[Black "Vorobyov, Yrij"]
[Result "0-1"]
[WhiteElo "1893"]
[BlackElo "2160"]
[PlyCount "41"]
[EventDate "2016.08.13"]

1. d4 Nf6 2. c4 c5 3. d5 b5 4. cxb5 a6 5. b6 Qxb6 6. Nc3 d6 7. e4 g6 8. Nf3 Bg7
9. Be2 O-O 10. O-O Bg4 11. h3 Bxf3 12. Bxf3 Nbd7 13. Qc2 h6 14. Be3 Ne8 15.
Rac1 a5 16. a3 Nc7 17. Na4 Qb7 18. Qd2 Kh7 19. Be2 Nb5 20. f4 Nd4 21. Bd3 0-1

[Event "Olomouc Chess Summer 2016-Open seniorù"]
[Site "Olomouc"]
[Date "2016.08.18"]
[Round "7.4"]
[White "Hagara, Vladimir"]
[Black "Castellano, Alfonso"]
[Result "1-0"]
[WhiteElo "1849"]
[BlackElo "1949"]
[PlyCount "141"]
[EventDate "2016.08.13"]

1. d4 d5 2. c4 e6 3. Nc3 Nf6 4. Bg5 Be7 5. e3 h6 6. Bh4 O-O 7. Nf3 b6 8. cxd5
exd5 9. Rc1 Be6 10. Be2 c6 11. O-O Nbd7 12. a3 c5 13. dxc5 bxc5 14. Qc2 Rc8 15.
Rfd1 Nb6 16. Ba6 Ra8 17. Bd3 Nfd7 18. Bg3 a6 19. Qe2 c4 20. Bb1 Bf6 21. Nd4
Bxd4 22. Rxd4 Qe7 23. Rcd1 Nf6 24. Qc2 g6 25. Qc1 Rfd8 26. Qd2 Rd7 27. e4 Kh7
28. Bf4 Nxe4 29. Nxe4 dxe4 30. Rxd7 Bxd7 31. Bxh6 Ba4 32. Re1 Rd8 33. Qc1 Bc6
34. Be3 Na4 35. Qxc4 Bb5 36. Qc2 Qe5 37. Qxe4 Qxe4 38. Bxe4 Nxb2 39. Ra1 Nc4
40. Bg5 Rd7 41. h3 Ne5 42. Rc1 Kg7 43. Be3 Ba4 44. Rc5 Nd3 45. Rd5 Rxd5 46.
Bxd5 Bb5 47. Bd4+ Kf8 48. Bb3 Nf4 49. Bc5+ Ke8 50. f3 Bc6 51. Be3 Nd3 52. f4 f5
53. g3 Nb2 54. Bd4 Na4 55. Kf2 Ke7 56. Ke3 Be8 57. g4 Kd6 58. gxf5 gxf5 59. h4
Nc5 60. Be5+ Kc6 61. Bd1 Kd5 62. h5 Kc4 63. Bd6 Kd5 64. Be7 Ne4 65. h6 Bg6 66.
Bb3+ Kc6 67. Kd4 Kd7 68. Bf8 Bh7 69. Ke5 Ke8 70. Bb4 Nf2 71. Kf6 1-0